| 000 | 00707cam a2200145 4500500 | ||
|---|---|---|---|
| 005 | 20251228053357.0 | ||
| 041 | _afre | ||
| 042 | _adc | ||
| 100 | 1 | 0 |
_aChampagne, Alain _eauthor |
| 245 | 0 | 0 | _aHenri Michel, Élie Pélaquier, Laure Pellicier, (dir.), La Demeure dans l’Europe méditerranéenne (xvie-xxe siècles). Actes du colloque de Montpellier (24-25 mars 2000), Montpellier, Publications Montpellier 3, 2003, 450 p., 16 €, isbn 2842696506 |
| 260 | _c2005. | ||
| 500 | _a4 | ||
| 786 | 0 | _nHistoire & Sociétés Rurales | 24 | 2 | 2005-10-01 | p. 171t-276t | 1254-728X | |
| 856 | 4 | 1 | _uhttps://shs.cairn.info/revue-histoire-et-societes-rurales-2005-2-page-171t?lang=fr&redirect-ssocas=7080 |
| 999 |
_c1585290 _d1585290 |
||